000 004440000a22001810004500
003 MACL
005 20150916110218.0
008 150916b xxu||||| |||| 00| 0 eng d
040 _aMACL
_cMACL
041 _aEnglish
082 _a823/SIN
100 _aSingal, Rajeshwar
_911415
245 _aZanzibar Bed & Other Stories
260 _bShilpayan Books
_c2008
_aDelhi
350 _a300
650 _aStories
_911416
942 _cBK
_k823/SIN
_2ddc
999 _c42552
_d42552